[Event "AUTO-OPEN-4640"]
[Site "http://www.queenalice.com/game.php?id=1869629"]
[Date "2026.2.22"]
[Round "1"]
[White "Slarty_Bartfast"]
[Black "Esvir"]
[Result "1-0"]
[WhiteElo "1918"]
[BlackElo "2045"]

1. d4 d5 2. c4 dxc4 3. Nf3 Nf6 4. e3 b5 5. Nc3 Bb7 6. Nxb5 a6 7. Nc3 e6 8. Bxc4
c5 9. O-O Be7 10. a3 O-O 11. Be2 Nbd7 12. b4 cxb4 13. axb4 Bxb4 14. Qb3 a5 15.
Bd3 g6 16. Ba3 Nd5 17. Bxb4 Nxb4 18. Be2 Nf6 19. Rfd1 Rb8 20. Qa4 Nc6 21. Bb5
Ne7 22. Qxa5 Ne4 23. Qxd8 Rbxd8 24. Nxe4 Bxe4 25. Ng5 Bf5 26. e4 Bg4 27. f3 Bh5
28. g4 h6 29. Nh3 Rb8 30. Be2 Rb2 31. Kf2 f5 32. Nf4 Rf6 33. Ra8+ Kf7 34. e5
fxg4 35. exf6 Kxf6 36. Nxh5+ gxh5 37. fxg4 hxg4 38. Rf1 Kg5 39. Rg1 h5 40. h3
1-0